Southville International School and Colleges
Your cart is empty.
  • Cart
  • Lists
    Public lists Eva Luna New books Lux_list list_1
    Your lists Log in to create your own lists
  • Log in to your account
  • Your cookies
  • Search history
Southville International School and Colleges
  • Advanced search
  • Recent comments
  • Most popular
  • Libraries

Log in to your account

Log in with GOOGLE


If you do not have an external account, but do have a local account, you can still log in:

  1. Home
  2. MARC view: Devotion 'helps deepen' ones faith/
Normal view MARC view ISBD view

Devotion 'helps deepen' ones faith/ (Record no. 362124)

[ view plain ]
MARC details
000 -LEADER
fixed length control field 00437nam a2200169Ia 4500
008 - FIXED-LENGTH DATA ELEMENTS--GENERAL INFORMATION
fixed length control field 190912s9999 xx 000 0 und d
100 ## - MAIN ENTRY--PERSONAL NAME
Personal name Hermoso, Christina I.
245 ## - TITLE STATEMENT
Title Devotion 'helps deepen' ones faith/
245 ## - TITLE STATEMENT
Statement of responsibility, etc Christina I. Hermoso
260 ## - PUBLICATION, DISTRIBUTION, ETC. (IMPRINT)
Name of publisher, distributor, etc Manila Bulletin
260 ## - PUBLICATION, DISTRIBUTION, ETC. (IMPRINT)
Date of publication, distribution, etc 2019
300 ## - PHYSICAL DESCRIPTION
Extent January 14, page 7
440 ## - SERIES STATEMENT/ADDED ENTRY--TITLE
Title Manila Bulletin
Volume number/sequential designation 553: 4
650 ## - SUBJECT ADDED ENTRY--TOPICAL TERM
Topical term or geographic name as entry element Devotion
650 ## - SUBJECT ADDED ENTRY--TOPICAL TERM
Topical term or geographic name as entry element Faith
650 ## - SUBJECT ADDED ENTRY--TOPICAL TERM
Topical term or geographic name as entry element Religion
Holdings
Withdrawn status Lost status Damaged status Home library Current library Date acquired Total Checkouts Date last seen Price effective from Koha item type
      Luxembourg Library Luxembourg Library 09/12/2019   09/12/2019 09/12/2019 Periodicals

Devotion 'helps deepen' ones faith/

APA

Hermoso C. I., .Devotion 'helps deepen' ones faith. : Manila Bulletin.

Chicago

Hermoso Christina I, .Devotion 'helps deepen' ones faith. : Manila Bulletin.

Harvard

Hermoso C. I., .Devotion 'helps deepen' ones faith. : Manila Bulletin.

MLA

Hermoso Christina I, .: Manila Bulletin. .

  • Place hold
  • Print
  • Cite
  • Add to your cart (remove)
  • Save record
    BIBTEX Dublin Core MARCXML MARC (non-Unicode/MARC-8) MARC (Unicode/UTF-8) MARC (Unicode/UTF-8, Standard) MODS (XML) RIS
  • More searches
    Search for this title in:
    Other Libraries (WorldCat) Other Databases (Google Scholar) Online Stores (Bookfinder.com) Open Library (openlibrary.org)

Exporting to Dublin Core...

SOUTHVILLE LIBRARY

Southville International School and Colleges Library

1281 Tropical Ave. Cor. Luxembourg St., BF Homes International, Las Pinas City

Tel. No. 8256374 / 252358 Loc. 117/146

Powered by Koha